<?xml version="1.0" encoding="UTF-8"?>
<record
    xmlns:xsi="http://www.w3.org/2001/XMLSchema-instance"
    xsi:schemaLocation="http://www.loc.gov/MARC21/slim http://www.loc.gov/standards/marcxml/schema/MARC21slim.xsd"
    xmlns="http://www.loc.gov/MARC21/slim">

  <leader>00653cam a2200205 i 4500</leader>
  <datafield tag="999" ind1=" " ind2=" ">
    <subfield code="c">124850</subfield>
    <subfield code="d">124850</subfield>
  </datafield>
  <controlfield tag="001">19806266</controlfield>
  <controlfield tag="005">20211202114313.0</controlfield>
  <controlfield tag="008">170720s2016    nyua          001 0 eng  </controlfield>
  <datafield tag="020" ind1=" " ind2=" ">
    <subfield code="a">9781260469424</subfield>
  </datafield>
  <datafield tag="040" ind1=" " ind2=" ">
    <subfield code="c">PK-LaUMT</subfield>
  </datafield>
  <datafield tag="082" ind1="0" ind2="0">
    <subfield code="a">616.9041</subfield>
    <subfield code="2">23</subfield>
    <subfield code="b">REV-</subfield>
  </datafield>
  <datafield tag="245" ind1="1" ind2="0">
    <subfield code="a">Review of medical microbiology and immunology :</subfield>
    <subfield code="b">a guide to clinical infectious diseases /</subfield>
    <subfield code="c">by Warren Levinson . . . [et al.]</subfield>
  </datafield>
  <datafield tag="250" ind1=" " ind2=" ">
    <subfield code="a">16th ed.</subfield>
  </datafield>
  <datafield tag="260" ind1=" " ind2=" ">
    <subfield code="a">New York :</subfield>
    <subfield code="b">McGraw-Hill,</subfield>
    <subfield code="c">2020</subfield>
  </datafield>
  <datafield tag="300" ind1=" " ind2=" ">
    <subfield code="a">846 p. :</subfield>
    <subfield code="b">illustrations (chiefly color) ;</subfield>
    <subfield code="c">28 cm</subfield>
  </datafield>
  <datafield tag="500" ind1=" " ind2=" ">
    <subfield code="a">Includes index.</subfield>
  </datafield>
  <datafield tag="650" ind1=" " ind2="0">
    <subfield code="a">Medical microbiology</subfield>
  </datafield>
  <datafield tag="650" ind1=" " ind2="0">
    <subfield code="a">Clinical immunology</subfield>
  </datafield>
  <datafield tag="942" ind1=" " ind2=" ">
    <subfield code="c">BK</subfield>
  </datafield>
  <datafield tag="952" ind1=" " ind2=" ">
    <subfield code="0">0</subfield>
    <subfield code="1">0</subfield>
    <subfield code="4">0</subfield>
    <subfield code="7">0</subfield>
    <subfield code="a">HSC</subfield>
    <subfield code="b">HSC</subfield>
    <subfield code="d">2021-12-02</subfield>
    <subfield code="l">17</subfield>
    <subfield code="m">1</subfield>
    <subfield code="o">616.9041 REV-</subfield>
    <subfield code="p">139986</subfield>
    <subfield code="r">2025-06-25 08:24:02</subfield>
    <subfield code="s">2025-06-24</subfield>
    <subfield code="w">2021-12-02</subfield>
    <subfield code="y">BK</subfield>
  </datafield>
  <datafield tag="952" ind1=" " ind2=" ">
    <subfield code="0">0</subfield>
    <subfield code="1">0</subfield>
    <subfield code="4">0</subfield>
    <subfield code="7">0</subfield>
    <subfield code="a">HSC</subfield>
    <subfield code="b">HSC</subfield>
    <subfield code="d">2021-12-02</subfield>
    <subfield code="l">21</subfield>
    <subfield code="m">3</subfield>
    <subfield code="o">616.9041 REV-</subfield>
    <subfield code="p">139987</subfield>
    <subfield code="r">2025-06-05 09:06:14</subfield>
    <subfield code="s">2025-05-22</subfield>
    <subfield code="t">C.2</subfield>
    <subfield code="w">2021-12-02</subfield>
    <subfield code="y">BK</subfield>
  </datafield>
  <datafield tag="952" ind1=" " ind2=" ">
    <subfield code="0">0</subfield>
    <subfield code="1">0</subfield>
    <subfield code="4">0</subfield>
    <subfield code="7">0</subfield>
    <subfield code="a">HSC</subfield>
    <subfield code="b">HSC</subfield>
    <subfield code="d">2021-12-02</subfield>
    <subfield code="l">13</subfield>
    <subfield code="m">1</subfield>
    <subfield code="o">616.9041 REV-</subfield>
    <subfield code="p">139988</subfield>
    <subfield code="r">2025-08-11 12:58:36</subfield>
    <subfield code="s">2025-04-08</subfield>
    <subfield code="t">C.3</subfield>
    <subfield code="w">2021-12-02</subfield>
    <subfield code="y">BK</subfield>
  </datafield>
  <datafield tag="952" ind1=" " ind2=" ">
    <subfield code="0">0</subfield>
    <subfield code="1">0</subfield>
    <subfield code="4">0</subfield>
    <subfield code="7">0</subfield>
    <subfield code="a">HSC</subfield>
    <subfield code="b">HSC</subfield>
    <subfield code="d">2021-12-02</subfield>
    <subfield code="l">19</subfield>
    <subfield code="m">1</subfield>
    <subfield code="o">616.9041 REV-</subfield>
    <subfield code="p">139989</subfield>
    <subfield code="r">2025-06-23 08:35:28</subfield>
    <subfield code="s">2025-06-04</subfield>
    <subfield code="t">C.4</subfield>
    <subfield code="w">2021-12-02</subfield>
    <subfield code="y">BK</subfield>
  </datafield>
  <datafield tag="952" ind1=" " ind2=" ">
    <subfield code="0">0</subfield>
    <subfield code="1">0</subfield>
    <subfield code="4">0</subfield>
    <subfield code="7">0</subfield>
    <subfield code="a">HSC</subfield>
    <subfield code="b">HSC</subfield>
    <subfield code="d">2021-12-02</subfield>
    <subfield code="l">18</subfield>
    <subfield code="m">4</subfield>
    <subfield code="o">616.9041 REV-</subfield>
    <subfield code="p">139990</subfield>
    <subfield code="r">2025-05-24 11:06:42</subfield>
    <subfield code="s">2025-04-26</subfield>
    <subfield code="t">C.5</subfield>
    <subfield code="w">2021-12-02</subfield>
    <subfield code="y">BK</subfield>
  </datafield>
  <datafield tag="952" ind1=" " ind2=" ">
    <subfield code="0">0</subfield>
    <subfield code="1">0</subfield>
    <subfield code="4">0</subfield>
    <subfield code="7">0</subfield>
    <subfield code="a">HSC</subfield>
    <subfield code="b">HSC</subfield>
    <subfield code="d">2021-12-02</subfield>
    <subfield code="l">8</subfield>
    <subfield code="o">616.9041 REV-</subfield>
    <subfield code="p">139991</subfield>
    <subfield code="r">2025-06-02 15:50:47</subfield>
    <subfield code="s">2025-02-21</subfield>
    <subfield code="t">C.6</subfield>
    <subfield code="w">2021-12-02</subfield>
    <subfield code="y">BK</subfield>
  </datafield>
  <datafield tag="952" ind1=" " ind2=" ">
    <subfield code="0">0</subfield>
    <subfield code="1">0</subfield>
    <subfield code="4">0</subfield>
    <subfield code="7">0</subfield>
    <subfield code="a">HSC</subfield>
    <subfield code="b">HSC</subfield>
    <subfield code="d">2021-12-02</subfield>
    <subfield code="l">18</subfield>
    <subfield code="o">616.9041 REV-</subfield>
    <subfield code="p">139992</subfield>
    <subfield code="r">2025-08-21 11:40:20</subfield>
    <subfield code="s">2025-08-21</subfield>
    <subfield code="t">C.7</subfield>
    <subfield code="w">2021-12-02</subfield>
    <subfield code="y">BK</subfield>
  </datafield>
  <datafield tag="952" ind1=" " ind2=" ">
    <subfield code="0">0</subfield>
    <subfield code="1">0</subfield>
    <subfield code="4">0</subfield>
    <subfield code="7">0</subfield>
    <subfield code="a">HSC</subfield>
    <subfield code="b">HSC</subfield>
    <subfield code="d">2021-12-02</subfield>
    <subfield code="l">4</subfield>
    <subfield code="o">616.9041 REV-</subfield>
    <subfield code="p">139993</subfield>
    <subfield code="r">2025-03-05 12:03:07</subfield>
    <subfield code="s">2025-02-24</subfield>
    <subfield code="t">C.8</subfield>
    <subfield code="w">2021-12-02</subfield>
    <subfield code="y">BK</subfield>
  </datafield>
  <datafield tag="952" ind1=" " ind2=" ">
    <subfield code="0">0</subfield>
    <subfield code="1">0</subfield>
    <subfield code="4">0</subfield>
    <subfield code="7">0</subfield>
    <subfield code="a">HSC</subfield>
    <subfield code="b">HSC</subfield>
    <subfield code="d">2021-12-02</subfield>
    <subfield code="l">18</subfield>
    <subfield code="o">616.9041 REV-</subfield>
    <subfield code="p">139994</subfield>
    <subfield code="r">2025-06-03 09:03:18</subfield>
    <subfield code="s">2025-05-20</subfield>
    <subfield code="t">C.9</subfield>
    <subfield code="w">2021-12-02</subfield>
    <subfield code="y">BK</subfield>
  </datafield>
  <datafield tag="952" ind1=" " ind2=" ">
    <subfield code="0">0</subfield>
    <subfield code="1">0</subfield>
    <subfield code="4">0</subfield>
    <subfield code="7">0</subfield>
    <subfield code="a">HSC</subfield>
    <subfield code="b">HSC</subfield>
    <subfield code="d">2021-12-02</subfield>
    <subfield code="l">21</subfield>
    <subfield code="m">1</subfield>
    <subfield code="o">616.9041 REV-</subfield>
    <subfield code="p">139995</subfield>
    <subfield code="r">2025-08-08 08:22:48</subfield>
    <subfield code="s">2025-06-24</subfield>
    <subfield code="t">C.10</subfield>
    <subfield code="w">2021-12-02</subfield>
    <subfield code="y">BK</subfield>
  </datafield>
  <datafield tag="952" ind1=" " ind2=" ">
    <subfield code="0">0</subfield>
    <subfield code="1">0</subfield>
    <subfield code="4">0</subfield>
    <subfield code="7">0</subfield>
    <subfield code="a">HSC</subfield>
    <subfield code="b">HSC</subfield>
    <subfield code="d">2023-01-11</subfield>
    <subfield code="l">15</subfield>
    <subfield code="o">616.9041 REV-</subfield>
    <subfield code="p">144424</subfield>
    <subfield code="r">2025-09-30 15:05:52</subfield>
    <subfield code="s">2025-04-08</subfield>
    <subfield code="t">C.11</subfield>
    <subfield code="w">2023-01-11</subfield>
    <subfield code="y">BK</subfield>
  </datafield>
  <datafield tag="952" ind1=" " ind2=" ">
    <subfield code="0">0</subfield>
    <subfield code="1">0</subfield>
    <subfield code="4">0</subfield>
    <subfield code="7">0</subfield>
    <subfield code="a">HSC</subfield>
    <subfield code="b">HSC</subfield>
    <subfield code="d">2023-01-11</subfield>
    <subfield code="l">18</subfield>
    <subfield code="m">1</subfield>
    <subfield code="o">616.9041 REV-</subfield>
    <subfield code="p">144425</subfield>
    <subfield code="r">2026-04-20 08:20:07</subfield>
    <subfield code="s">2026-04-06</subfield>
    <subfield code="t">C.12</subfield>
    <subfield code="w">2023-01-11</subfield>
    <subfield code="y">BK</subfield>
  </datafield>
  <datafield tag="952" ind1=" " ind2=" ">
    <subfield code="0">0</subfield>
    <subfield code="1">0</subfield>
    <subfield code="4">0</subfield>
    <subfield code="7">0</subfield>
    <subfield code="a">HSC</subfield>
    <subfield code="b">HSC</subfield>
    <subfield code="d">2023-01-11</subfield>
    <subfield code="l">18</subfield>
    <subfield code="o">616.9041 REV-</subfield>
    <subfield code="p">144426</subfield>
    <subfield code="r">2025-11-20 08:30:58</subfield>
    <subfield code="s">2025-11-12</subfield>
    <subfield code="t">C.13</subfield>
    <subfield code="w">2023-01-11</subfield>
    <subfield code="y">BK</subfield>
  </datafield>
</record>
